Sports Quiz

Random Sports or Rugby Quiz

2009-2010 IRB Sevens World Series Final Standings Quiz Stats

 Plays Quiz not verified by Sporcle

Score 0/12 Timer 03:00
0 Plays Today
Points Country % Correct
80South Africa
86.7%
34Wales
86.7%
164Samoa
80%
149New Zealand
80%
122Australia
80%
108Fiji
80%
96England
80%
12Scotland
80%
52Kenya
73.3%
32United States
73.3%
62Argentina
66.7%
15Canada
66.7%

You're not logged in!

Compare scores with friends on all Sporcle quizzes.
OR
Log In

You Might Also Like...

Show Comments

Extras

Top Quizzes Today


Score Distribution

Your Account Isn't Verified!

In order to create a playlist on Sporcle, you need to verify the email address you used during registration. Go to your Sporcle Settings to finish the process.

Report this User

Report this user for behavior that violates our Community Guidelines.

Details: